Kráľovský zážitok Hotel Royal Palace*****

Novou dominantou Zlatých kúpeľov Turčianske Teplice sa stal elegantný Hotel Royal Palace. O otvorení hotela a ponúkaných službách pre kúpeľných hostí s požiadavkami na prevenciu a liečbu kardiovaskulárnych ochorení hovorí riaditeľ hotela. V hoteli sídli špecializovaný Inštitút kardiovaskulárnej reha...

Celý popis

Uložené v:
Podrobná bibliografia
Hlavný autor: Hudecová-Podhorná, Soňa
Ďalší autori: Gondár, Igor
Médium: Kapitola
Jazyk:Slovak
Predmet:
Tagy: Pridať tag
Žiadne tagy, Buďte prvý, kto otaguje tento záznam!

MARC

LEADER 00000naa a2200000 4500
001 0245526
005 20180615123654.4
041 0 |a slo 
044 |a SK 
245 1 0 |a Kráľovský zážitok Hotel Royal Palace*****  |c Soňa Hudecová-Podhorná, Igor Gondár 
520 |a Novou dominantou Zlatých kúpeľov Turčianske Teplice sa stal elegantný Hotel Royal Palace. O otvorení hotela a ponúkaných službách pre kúpeľných hostí s požiadavkami na prevenciu a liečbu kardiovaskulárnych ochorení hovorí riaditeľ hotela. V hoteli sídli špecializovaný Inštitút kardiovaskulárnej rehabilitácie Incare. 
610 2 0 |a hotely 
610 2 0 |a kúpeľníctvo 
610 2 0 |a kúpele 
610 2 0 |a služby 
610 2 0 |a kvalita služieb 
610 2 0 |a Slovensko 
100 1 |a Hudecová-Podhorná, Soňa 
700 1 |a Gondár, Igor